000 00537nam a22001937a 4500
005 20260423122243.0
008 260423b |||||||| |||| 00| 0 eng d
020 _a9789381714607
_c325.00
040 _aMAIN
041 _aEnglish
082 _a539.7
_bLIT
100 _aLittlefield, T.A.
_926701
245 _aAtomic And Nuclear Physics
_c: An Introduction In S.I. Units
260 _aNew Delhi
_bMedTech Science Press
_c2016
300 _a476
650 _aPhysics (PM USHA)
_926699
700 _aThorley, N.
_926702
942 _cBK
999 _c60697
_d60697